000 00601nam a22002177a 4500
001 66989
003 UA-OsUOA
005 20220515224131.0
007 ta
008 20100208b un ||||| |||| 00| 0 ukr d
040 _aUA-OsUOA
_brus
_cUA-OsUOA
_dUA-OsUOA
041 _arus
080 _a725(470+571)
090 _a725(470+571)
_bП15
245 _aПамятники русской архитектуры и монументального искусства
260 _aМ.
_bНаука
_c1985
300 _a245 с.
650 7 _a72 Архітектура
_2UDC
942 _cBK
_2udc
955 _a2
999 _c352954
_d352954